000
00330nam a2200133 a 4500
005
20140414131904.0
008
100922s19uu xx 00 eng d
050
_a
FIC
_b
M46 1995
100
_a
Meyers, Susan
245
_a
Hello, Jenny.
260
_a
New York :
_b
Troll,
_c
1995.
440
_a
Always friends club
999
_c
110830
_d
110830